00866nam a2200241Ia 4500003000400000005001700004008004100021020001500062040000700077041000800084082002200092100002400114245004700138250000700185260005000192300001700242365001300259906005100272942001200323999001900335952013500354952013500489OSt20230609100611.0210423s2009 xx 000 0 und d a9788520164 cAL aeng a657.46 223bDATV aDATEY (V S).985625 aTaxmanns indirect taxes: law and practice. a22 aNew DelhibTaxmann Publications Pvt Ltdc2009 ai-38,890bPB b495cINR aindirect ; law ; practice. ; taxes: ; Taxmanns 2ddccBK c157111d157111 001040708MCOMaSACPGbSACPGd2009-09-23eKnowledge Worldg495.00l0o657.46 DATVpPG003587r2022-08-24 00:00:00w2021-04-26yBK 001040708MCOMaSACPGbSACPGd2009-09-23eKnowledge Worldg495.00l0o657.46 DATVpPG003588r2022-08-24 00:00:00w2021-04-26yBK